Book quiz - 19th century authors - Part 3 of 3 - Statistics

General Stats
  • This quiz has been taken 218 times
  • The average score is 17 of 30
Answer Stats
Title Year Author % Correct
The Jungle Books 1894 Rudyard Kipling
95%
The Count of Monte Christo 1845 Alexandre Dumas
91%
Das Kapital 1867 Karl Marx
90%
Bleak House 1853 Charles Dickens
88%
The Brothers Karamazov 1880 Fyodor Dostoyevsky
88%
Through the Looking-Glass 1871 Lewis Carroll
86%
Mansfield Park 1814 Jane Austen
85%
Strange Case of Dr Jekyll and Mr Hyde 1886 Robert Louis Stevenson
84%
The Importance of Being Earnest 1895 Oscar Wilde
83%
Far from the Madding Crowd 1874 Thomas Hardy
74%
Five Weeks in a Balloon 1863 Jules Verne
72%
The Interpretation of Dreams 1899 Sigmund Freud
70%
The Tenant of Wildfell Hall 1848 Anne Bronte
68%
A Connecticut Yankee in King Arthur's Court 1889 Mark Twain
66%
A Study in Scarlet 1887 Arthur Conan Doyle
63%
Silas Marner 1861 George Eliot
62%
Walden; or, Life in the Woods 1854 Henry D. Thoreau
60%
The Turn of the Screw 1898 Henry James
56%
The Island of Doctor Moreau 1896 H.G. Wells
53%
Germinal 1885 Emile Zola
49%
The Woman in White 1860 Wilkie Collins
47%
Tales of the Grotesque and Arabesque 1840 Edgar Allan Poe
42%
Fathers and Sons 1862 Ivan Turgenev
34%
Waverley 1814 Sir Walter Scott
34%
Little Lord Fauntleroy 1886 Frances Hodgson Burnett
23%
The Eustace Diamonds 1873 Anthony Trollope
18%
Granny's Wonderful Chair 1856 Frances Browne
11%
The Princess and the Goblin 1872 George MacDonald
9%
The Well at the World's End 1896 William Morris
9%
The Beetle 1897 Richard Marsh
8%
No matching quizzes found
Score Distribution
Percent of People with Each Score
Percentile by Number Answered
Your Score History
You have not taken this quiz